000 00698nam a2200241Ia 4500
003 OSt
005 20260220103341.0
008 210210b1963 xxu||||| |||| 00| 0 eng d
040 _cAL
041 _aHindi
082 _a463/18
100 _aGORAKHNATH
_dगोरखनाथ
_9256042
245 _aSaral saz-saman se vaignanik prayog
_bसरल साज़-सामान से वैज्ञानिक प्रयोग
260 _aDelhi
_b-
_c1963
650 _avaignanik
_9256043
650 _ase
_9256044
650 _asaz-saman
_9256045
650 _aSaral
_9256046
650 _aprayog
_9256047
690 _aHindi Dictionary
_9256048
906 _a006813
942 _2ddc
_cBK
999 _c140893
_d140893